000 00769nam a2200253 i 4500
001 bg
100 1 _aKrykowski, Krzysztof.
245 1 0 _aEnergoelektronika /
_cKrzysztof Krykowski.
250 _aWyd. 4.
260 _aGliwice :
_bWydawnictwo Politechniki Śląskiej,
_c2007.
300 _a245, [1] s. :
_bil. ;
_c24 cm.
504 _aBibliogr. s. 241-245.
650 9 _aEnergoelektronika
655 _aPodręczniki akademickie
015 _aPB 15041/2007
020 _a9788373353862
040 _cBPK
041 _apol
080 _a621.31:621.38](075.8)
920 _a978-83-7335-386-2
942 _cKS
008 070510s2007 pl a f |000 0 pol
999 _c54012
_d54012
856 _uhttp://koha.tu.koszalin.pl/cgi-bin/koha/opac-detail.pl?biblionumber=54012
_yKatalog online BPK